[Event "British Columbia-ch (Women)"]
[Site "Vancouver"]
[Date "2016.10.09"]
[Round "4.2"]
[White "Guo, Veronica"]
[Black "Gu, Stephanie"]
[Result "1/2-1/2"]
[WhiteElo "989"]
[BlackElo "994"]
[PlyCount "203"]
[EventDate "2016.10.07"]
[EventType "tourn"]
[EventRounds "5"]
[EventCountry "CAN"]
[SourceTitle "EXT 2022"]
[Source "ChessBase"]
[SourceDate "2021.10.06"]
[SourceVersion "1"]
[SourceVersionDate "2021.10.06"]
[SourceQuality "1"]

1. e4 c5 2. Nf3 d6 3. d4 cxd4 4. Nxd4 Nf6 5. Nc3 a6 6. f3 e5 7. Nb3 Be6 8. Be3 Be7 9. Qd2 Qc7 10. 0-0-0 0-0 11. g4 b5 12. g5 Nfd7 13. h4 Nb6 14. Bxb6 Qxb6 15. Nd5 Bxd5 16. Qxd5 Nd7 17. Bh3 Qc7 18. Bxd7 Qxd7 19. Rd3 Rac8 20. g6 hxg6 21. f4 exf4 22. Rg1 Qe6 23. Rh1 Qxd5 24. Rxd5 f5 25. e5 dxe5 26. Rxe5 Rfe8 27. h5 gxh5 28. Rxh5 Bd6 29. Rxe8+ Rxe8 30. Rxf5 Rf8 31. Rd5 Bb8 32. Nd2 Kh7 33. Rg5 Kh6 34. Rg1 g5 35. Nf3 Rg8 36. Kd2 Ba7 37. Rg2 Be3+ 38. Kd3 Ba7 39. Ne5 Rf8 40. Ke4 a5 41. Rh2+ Kg7 42. Rh5 Rg8 43. Rxg5+ Kh7 44. Rxg8 Kxg8 45. Kxf4 Kf8 46. c4 bxc4 47. Nxc4 a4 48. Ke4 Ke7 49. Kd3 Bc5 50. Nd2 Kd7 51. Kc4 Kc6 52. Ne4 Be7 53. a3 Kb6 54. Nc3 Ka5 55. Nd5 Bf8 56. Nb4 Bd6 57. Nc6+ Kb6 58. Kd5 Bc5 59. Nd8 Be3 60. Kc4 Bc1 61. Kc3 Kb5 62. Kc2 Be3 63. Kc3 Bc1 64. Ne6 Be3 65. Nd4+ Kc5 66. Ne6+ Kb5 67. Nc7+ Kc5 68. Na6+ Kb5 69. Nc7+ Ka5 70. Nd5 Bc5 71. Nb4 Bd6 72. Nc6+ Kb5 73. Nd4+ Kc5 74. Ne6+ Kb5 75. Nd4+ Kc5 76. b3 axb3 77. Nxb3+ Kb6 78. a4 Ka6 79. Nd2 Bc7 80. Nc4 Bd8 81. Kd4 Bb6+ 82. Nxb6 Kxb6 83. Kc3 Ka5 84. Kb3 Ka6 85. Kb4 Kb6 86. a5+ Ka6 87. Ka4 Ka7 88. Kb5 Kb7 89. a6+ Ka7 90. Ka5 Ka8 91. Kb5 Ka7 92. Ka5 Ka8 93. Kb4 Ka7 94. Kb5 Ka8 95. Kb4 Ka7 96. Kb5 Ka8 97. Kb6 Kb8 98. Kc6 Ka7 99. Kb5 Ka8 100. Kb6 Kb8 101. a7+ Ka8 102. Ka6 1/2-1/2

[Event "British Columbia-ch (Women)"]
[Site "Vancouver"]
[Date "2016.10.08"]
[Round "2.1"]
[White "Gansvind, Valeriya I"]
[Black "Gu, Stephanie"]
[Result "1-0"]
[WhiteElo "2258"]
[BlackElo "994"]
[PlyCount "69"]
[EventDate "2016.10.07"]
[EventType "tourn"]
[EventRounds "5"]
[EventCountry "CAN"]
[SourceTitle "EXT 2022"]
[Source "ChessBase"]
[SourceDate "2021.10.06"]
[SourceVersion "1"]
[SourceVersionDate "2021.10.06"]
[SourceQuality "1"]

1. d4 Nf6 2. Nf3 d5 3. Bg5 e6 4. e3 Be7 5. Nbd2 0-0 6. Bd3 Nbd7 7. c3 h6 8. Bh4 c6 9. 0-0 Qc7 10. e4 dxe4 11. Nxe4 Re8 12. Bg3 Qd8 13. Nd6 Bxd6 14. Bxd6 Nb6 15. Be5 Nbd7 16. Bf4 c5 17. Bc2 b6 18. Ba4 Qe7 19. Bc6 Ba6 20. Bxa8 Bxf1 21. Bc6 Bc4 22. dxc5 Nxc5 23. Bd6 Qd8 24. Bxe8 Qxe8 25. Bxc5 bxc5 26. Ne5 Ba6 27. Qd6 Bb7 28. Rd1 Qf8 29. Qc7 Bc8 30. Rd8 Ne8 31. Qxc8 Kh7 32. Rxe8 Qxe8 33. Qxe8 g6 34. Qxf7+ Kh8 35. Nxg6# 1-0

[Event "British Columbia-ch (Women)"]
[Site "Vancouver"]
[Date "2016.10.07"]
[Round "1.3"]
[White "Van, Anna"]
[Black "Gu, Stephanie"]
[Result "0-1"]
[WhiteElo "1178"]
[BlackElo "994"]
[PlyCount "138"]
[EventDate "2016.10.07"]
[EventType "tourn"]
[EventRounds "5"]
[EventCountry "CAN"]
[SourceTitle "EXT 2022"]
[Source "ChessBase"]
[SourceDate "2021.10.06"]
[SourceVersion "1"]
[SourceVersionDate "2021.10.06"]
[SourceQuality "1"]

1. e4 c5 2. Nf3 d6 3. d4 cxd4 4. Nxd4 Nf6 5. Nc3 a6 6. Bg5 e6 7. f4 Be7 8. Qf3 Nbd7 9. Bd3 0-0 10. g4 Qc7 11. 0-0-0 Re8 12. Qh3 b5 13. Bxf6 Nxf6 14. g5 Nd7 15. a3 Bb7 16. Rhe1 Rac8 17. Kb1 Nc5 18. Qg4 Qd7 19. h4 e5 20. Qxd7 Nxd7 21. f5 exd4 22. Nd5 Bxd5 23. exd5 Nb6 24. Re4 Nxd5 25. Rxd4 Nb6 26. Re4 f6 27. Rde1 Kf8 28. g6 h6 29. Ka2 d5 30. Re6 Rb8 31. b3 Rb7 32. c4 bxc4 33. bxc4 Nxc4 34. Bxc4 dxc4 35. Rxa6 Rc8 36. Rc1 c3 37. Rc2 Rcb8 38. Re6 Rb2+ 39. Rxb2 cxb2 40. Re1 Bxa3 41. Rb1 Bc5 42. Rxb2 Rxb2+ 43. Kxb2 Ke7 44. Kc3 Kd6 45. Kc4 Ke5 46. Kxc5 Kxf5 47. h5 Kg5 48. Kd5 Kxh5 49. Ke4 Kxg6 50. Kf4 f5 51. Kf3 Kg5 52. Kg3 h5 53. Kh3 f4 54. Kg2 Kg4 55. Kf2 h4 56. Kg2 g6 57. Kf2 h3 58. Kg1 Kg3 59. Kh1 f3 60. Kg1 f2+ 61. Kf1 h2 62. Ke2 h1Q 63. Ke3 Qe1+ 64. Kd4 f1Q 65. Kd5 Qd3+ 66. Kc5 Qc1+ 67. Kb4 Qcb1+ 68. Ka4 Qc4+ 69. Ka5 Qcb5# 0-1

[Event "CAN-ch U14 Girls"]
[Site "Windsor"]
[Date "2016.07.06"]
[Round "2.48"]
[White "Kathirkamar, Janani"]
[Black "Gu, Stephanie"]
[Result "1-0"]
[WhiteElo "1414"]
[BlackElo "792"]
[PlyCount "63"]
[EventDate "2016.07.05"]
[EventType "swiss"]
[EventRounds "7"]
[EventCountry "CAN"]
[SourceTitle "EXT 2022"]
[Source "ChessBase"]
[SourceDate "2021.10.06"]
[SourceVersion "1"]
[SourceVersionDate "2021.10.06"]
[SourceQuality "1"]

1. d4 Nf6 2. Bf4 g6 3. e3 Bg7 4. c4 d6 5. Nc3 0-0 6. Be2 Nbd7 7. Nf3 c5 8. Qd2 cxd4 9. exd4 Qb6 10. 0-0 Re8 11. h3 e5 12. Be3 Qc7 13. Nb5 Qc6 14. d5 Qa6 15. Nc7 Qa4 16. b3 Qa3 17. Nxa8 Nc5 18. Nc7 Re7 19. Nb5 Qa6 20. Bxc5 dxc5 21. d6 Rd7 22. Rad1 Ne8 23. Rfe1 f6 24. Nh4 f5 25. Bf3 Qb6 26. Bd5+ Kh8 27. Be6 a6 28. Bxd7 Bxd7 29. Nc7 Nf6 30. Nd5 Qd8 31. Qg5 e4 32. Ne7 1-0